[Event "SEMI A013 email"]
[Site "SEMI email"]
[Date "2000.10.10"]
[Round "?"]
[White "Nepper, Jens Thomas"]
[Black "Castillo, German"]
[Result "0-1"]
[WhiteElo "2100"]
[BlackElo "2068"]
[PlyCount "86"]
[EventDate "2000.10.10"]
[EventType "tourn (corr)"]
[EventRounds "7"]
[EventCountry "ITA"]
[SourceTitle "Corr 2008"]
[Source "ChessBase"]
[SourceDate "2008.06.24"]
[SourceVersion "1"]
[SourceVersionDate "2008.06.24"]
[SourceQuality "1"]

1. f4 d5 2. Nf3 Bg4 3. e3 Nd7 4. c4 e5 5. fxe5 Nxe5 6. cxd5 Qxd5 7. Qa4+ Bd7 8. Qf4 Nxf3+ 9. Qxf3 Qxf3 10. gxf3 Be7 11. d4 Bh4+ 12. Kd2 0-0-0 13. Nc3 Ne7 14. Bc4 c5 15. Ne4 cxd4 16. Nd6+ Kb8 17. Nxf7 dxe3+ 18. Ke2 Rc8 19. Nxh8 Rxc4 20. Bxe3 Rc2+ 21. Kd1 Rxb2 22. Bf4+ Ka8 23. Kc1 Rg2 24. Rd1 Be6 25. Rd8+ Nc8 26. Rd2 Rg1+ 27. Rd1 Rxd1+ 28. Kxd1 Bf6 29. Rc1 g5 30. Be3 Bxh8 31. Bxg5 Nd6 32. Rc7 h5 33. Rh7 Nf7 34. a3 Be5 35. h4 b5 36. Be3 Bd5 37. Kd2 a6 38. f4 Bd6 39. Rxh5 Be4 40. f5 Bxa3 41. Rh7 Ne5 42. Ra7+ Kb8 43. Rxa6 Nc4+ 0-1

[Event "SEMI A013 email"]
[Site "SEMI email"]
[Date "2000.10.10"]
[Round "?"]
[White "Nepper, Jens Thomas"]
[Black "Gonzales, Carlos"]
[Result "1/2-1/2"]
[WhiteElo "2100"]
[BlackElo "2000"]
[PlyCount "41"]
[EventDate "2000.10.10"]
[EventType "tourn (corr)"]
[EventRounds "7"]
[EventCountry "ITA"]
[SourceTitle "Corr 2008"]
[Source "ChessBase"]
[SourceDate "2008.06.24"]
[SourceVersion "1"]
[SourceVersionDate "2008.06.24"]
[SourceQuality "1"]

1. e4 e6 2. d4 d5 3. exd5 exd5 4. Nf3 Bd6 5. Bd3 Ne7 6. 0-0 Nbc6 7. c3 0-0 8. Qc2 h6 9. b4 a6 10. Re1 Be6 11. a4 Qd7 12. Ba3 Ng6 13. Bxg6 fxg6 14. b5 axb5 15. axb5 Ne7 16. Ra2 Bxa3 17. Rxa3 Rae8 18. Qb2 Bf5 19. Ne5 Qd6 20. Nd2 g5 21. c4 1/2-1/2

[Event "SEMI A013 email"]
[Site "SEMI email"]
[Date "2000.10.10"]
[Round "?"]
[White "Nepper, Jens Thomas"]
[Black "Sorroche Lupion, Francisco"]
[Result "0-1"]
[WhiteElo "2100"]
[BlackElo "2387"]
[PlyCount "102"]
[EventDate "2000.10.10"]
[EventType "tourn (corr)"]
[EventRounds "7"]
[EventCountry "ITA"]
[SourceTitle "Corr 2004"]
[Source "ChessBase"]
[SourceDate "2003.04.28"]
[SourceVersion "3"]
[SourceVersionDate "2003.04.28"]
[SourceQuality "1"]

1. f4 Nf6 2. Nc3 d5 3. d3 d4 4. Ne4 e5 5. Nxf6+ Qxf6 6. fxe5 Qxe5 7. Nf3 Qa5+ 8. Bd2 Qb6 9. c3 c5 10. Qc2 Nc6 11. e4 Bd6 12. Be2 0-0 13. 0-0 Bg4 14. Kh1 Rae8 15. Rae1 Be6 16. b3 Rd8 17. Qb2 f6 18. cxd4 cxd4 19. Rc1 Bb4 20. Bf4 Rde8 21. Rxc6 bxc6 22. Nxd4 Bc8 23. Be3 Bc5 24. Bg1 Rf7 25. Qc3 Rd8 26. Nc2 Bxg1 27. Rxg1 c5 28. Ne3 Be6 29. Rc1 Rc7 30. Nc4 Qa6 31. Qb2 Re7 32. Kg1 f5 33. Ne3 Qb6 34. Qc3 Rd4 35. Nc2 Rdd7 36. Ne3 Qd8 37. Rf1 fxe4 38. dxe4 Rd2 39. Nf5 Bxf5 40. Rxf5 h6 41. Rxc5 Kh7 42. Bg4 Rxa2 43. h3 Qb6 44. Kh1 Ra1+ 45. Qxa1 Qxc5 46. Qf1 Qc2 47. Qb5 Qc1+ 48. Kh2 Qf4+ 49. Kh1 g6 50. Bf3 Qf7 51. Qd5 Qxd5 0-1

[Event "SEMI ECT 5-A email"]
[Site "SEMI email"]
[Date "2000.??.??"]
[Round "?"]
[White "Johnsrud, Jeff L"]
[Black "Nepper, Jens Thomas"]
[Result "1/2-1/2"]
[WhiteElo "2479"]
[BlackElo "2100"]
[PlyCount "63"]
[EventDate "2000.10.10"]
[EventType "tourn (corr)"]
[EventRounds "8"]
[EventCountry "ITA"]
[SourceTitle "Corr 2008"]
[Source "ChessBase"]
[SourceDate "2008.06.24"]
[SourceVersion "1"]
[SourceVersionDate "2008.06.24"]
[SourceQuality "1"]

1. e4 e6 2. d4 d5 3. Nc3 Bb4 4. e5 c5 5. a3 Bxc3+ 6. bxc3 Ne7 7. h4 Nbc6 8. h5 h6 9. Nf3 Bd7 10. Bd3 0-0 11. g4 Qa5 12. Bd2 c4 13. Be2 f6 14. exf6 Rxf6 15. g5 hxg5 16. Rg1 Raf8 17. Rxg5 Be8 18. Nh2 Kh8 19. Rg2 e5 20. Ng4 Re6 21. h6 gxh6 22. Nxh6 Ng6 23. Rh2 Kg7 24. Bg4 Ref6 25. Bh5 exd4 26. cxd4 Re6+ 27. Kf1 c3 28. Bg5 Re4 29. Ng4 Rf5 30. Bh6+ Kg8 31. Be3 Kf8 32. Nh6 1/2-1/2

[Event "SEMI ECT 5-A email"]
[Site "SEMI email"]
[Date "2000.??.??"]
[Round "?"]
[White "Nepper, Jens Thomas"]
[Black "Horvat, Milan"]
[Result "1/2-1/2"]
[WhiteElo "2100"]
[BlackElo "2276"]
[PlyCount "42"]
[EventDate "2000.10.10"]
[EventType "tourn (corr)"]
[EventRounds "8"]
[EventCountry "ITA"]
[SourceTitle "Corr 2008"]
[Source "ChessBase"]
[SourceDate "2008.06.24"]
[SourceVersion "1"]
[SourceVersionDate "2008.06.24"]
[SourceQuality "1"]

1. f4 d5 2. Nf3 g6 3. e3 Bg7 4. Be2 Nf6 5. 0-0 0-0 6. d3 c5 7. Nbd2 Nc6 8. c4 Qc7 9. cxd5 Nxd5 10. Nc4 Rd8 11. Qb3 Rb8 12. a4 b6 13. Bd2 Bb7 14. Be1 Ba6 15. Bg3 Na5 16. Qa3 f5 17. Be1 Nxc4 18. dxc4 Rd6 19. Rc1 Rbd8 20. a5 h6 21. Rc2 Nb4 1/2-1/2